| 000 | 003070000a22000970004500 | ||
|---|---|---|---|
| 100 | 1 | _aCousland, J. R. C. | |
| 245 | 1 | 0 | _aThe feeding of the four thousand gentiles in Matthew? Matthew 15:29-39 as a test case |
| 300 | _aVol. 41, Num. 1 (Enero, 1999), Páginas 1-23 | ||
| 773 | 0 | _tNovum Testamentum | |
| 942 | _cANA | ||
| 999 |
_c57048 _d57048 |
||